<?xml version="1.0" encoding="UTF-8"?>
<record
    xmlns:xsi="http://www.w3.org/2001/XMLSchema-instance"
    xsi:schemaLocation="http://www.loc.gov/MARC21/slim http://www.loc.gov/standards/marcxml/schema/MARC21slim.xsd"
    xmlns="http://www.loc.gov/MARC21/slim">

  <leader>00799nam a22001577a 4500</leader>
  <controlfield tag="003">OSt</controlfield>
  <controlfield tag="005">20151009124812.0</controlfield>
  <controlfield tag="008">151009b        xxu||||| |||| 00| 0 eng d</controlfield>
  <datafield tag="040" ind1=" " ind2=" ">
    <subfield code="c">RUA</subfield>
  </datafield>
  <datafield tag="082" ind1=" " ind2=" ">
    <subfield code="a">AVM CHH 2009 B086 OR.1</subfield>
  </datafield>
  <datafield tag="100" ind1=" " ind2=" ">
    <subfield code="9">2452</subfield>
    <subfield code="a">CHHIM, KIMSRIV.</subfield>
  </datafield>
  <datafield tag="245" ind1=" " ind2=" ">
    <subfield code="a">The effect of cassava leaves and sweet potatos leaves on growth pererformance of local rabbits by using broken rice as energy source, &#x1794;&#x17D2;&#x179A;&#x179F;&#x17B7;&#x1791;&#x17D2;&#x1792;&#x1797;&#x17B6;&#x1796;&#x1793;&#x17C3;&#x1780;&#x17B6;&#x179A;&#x1794;&#x17D2;&#x179A;&#x17BE;&#x1794;&#x17D2;&#x179A;&#x17B6;&#x179F;&#x17CB;&#x179F;&#x17D2;&#x179B;&#x17B9;&#x1780;&#x178A;&#x17C6;&#x17A1;&#x17BC;&#x1784;&#x1798;&#x17B8;&#x200B;&#x1793;&#x17B7;&#x1784;&#x178A;&#x17C6;&#x17A1;&#x17BC;&#x1784;&#x1787;&#x17D2;&#x179C;&#x17B6; &#x1791;&#x17C5;&#x179B;&#x17BE;&#x1780;&#x17B6;&#x179A;&#x179B;&#x17BC;&#x178F;&#x179B;&#x17B6;&#x179F;&#x17CB;&#x179A;&#x1794;&#x179F;&#x17CB;&#x1791;&#x1793;&#x17D2;&#x179F;&#x17B6;&#x1799; &#x178A;&#x17C2;&#x179B;&#x1798;&#x17B6;&#x1793;&#x1785;&#x17BB;&#x1784;&#x17A2;&#x1784;&#x17D2;&#x1780;&#x1787;&#x17B6;&#x1785;&#x17C6;&#x178E;&#x17B8;&#x1790;&#x17B6;&#x1798;&#x1796;&#x179B;</subfield>
  </datafield>
  <datafield tag="260" ind1=" " ind2=" ">
    <subfield code="a">Phnom Penh</subfield>
    <subfield code="b">RUA</subfield>
    <subfield code="c">2009</subfield>
  </datafield>
  <datafield tag="300" ind1=" " ind2=" ">
    <subfield code="a">xi; 42p.</subfield>
    <subfield code="b">ill.</subfield>
    <subfield code="c">29cm.</subfield>
  </datafield>
  <datafield tag="942" ind1=" " ind2=" ">
    <subfield code="2">ddc</subfield>
    <subfield code="c">AVM</subfield>
  </datafield>
  <datafield tag="999" ind1=" " ind2=" ">
    <subfield code="c">2307</subfield>
    <subfield code="d">2307</subfield>
  </datafield>
  <datafield tag="952" ind1=" " ind2=" ">
    <subfield code="0">0</subfield>
    <subfield code="1">0</subfield>
    <subfield code="2">ddc</subfield>
    <subfield code="4">0</subfield>
    <subfield code="6">AVM_CHH_2009_000000000000000_B086_OR_1</subfield>
    <subfield code="7">0</subfield>
    <subfield code="9">9916</subfield>
    <subfield code="a">LBB</subfield>
    <subfield code="b">LBB</subfield>
    <subfield code="c">B086</subfield>
    <subfield code="d">2015-10-09</subfield>
    <subfield code="l">1</subfield>
    <subfield code="o">AVM CHH 2009 B086 Or.1</subfield>
    <subfield code="p">RUA018001</subfield>
    <subfield code="r">2022-01-24</subfield>
    <subfield code="s">2022-01-14</subfield>
    <subfield code="w">2015-10-09</subfield>
    <subfield code="y">AVM</subfield>
  </datafield>
  <datafield tag="952" ind1=" " ind2=" ">
    <subfield code="0">0</subfield>
    <subfield code="1">0</subfield>
    <subfield code="2">ddc</subfield>
    <subfield code="4">0</subfield>
    <subfield code="6">AVM_CHH_2009_000000000000000_B086_OR_2</subfield>
    <subfield code="7">0</subfield>
    <subfield code="9">9917</subfield>
    <subfield code="a">LBB</subfield>
    <subfield code="b">LBB</subfield>
    <subfield code="c">B086</subfield>
    <subfield code="d">2015-10-09</subfield>
    <subfield code="l">3</subfield>
    <subfield code="o">AVM CHH 2009 B086 Or.2</subfield>
    <subfield code="p">RUA017752</subfield>
    <subfield code="r">2018-03-13</subfield>
    <subfield code="s">2016-10-24</subfield>
    <subfield code="w">2015-10-09</subfield>
    <subfield code="y">AVM</subfield>
  </datafield>
  <datafield tag="952" ind1=" " ind2=" ">
    <subfield code="0">0</subfield>
    <subfield code="1">0</subfield>
    <subfield code="2">ddc</subfield>
    <subfield code="4">0</subfield>
    <subfield code="6">AVM_CHH_2009_000000000000000_B086_OR_3</subfield>
    <subfield code="7">0</subfield>
    <subfield code="9">9918</subfield>
    <subfield code="a">LBB</subfield>
    <subfield code="b">LBB</subfield>
    <subfield code="c">B086</subfield>
    <subfield code="d">2015-10-09</subfield>
    <subfield code="l">1</subfield>
    <subfield code="o">AVM CHH 2009 B086 Or.3</subfield>
    <subfield code="p">RUA006273</subfield>
    <subfield code="r">2016-11-11</subfield>
    <subfield code="s">2016-10-25</subfield>
    <subfield code="w">2015-10-09</subfield>
    <subfield code="y">AVM</subfield>
  </datafield>
  <datafield tag="952" ind1=" " ind2=" ">
    <subfield code="0">0</subfield>
    <subfield code="1">0</subfield>
    <subfield code="2">ddc</subfield>
    <subfield code="4">0</subfield>
    <subfield code="6">AVM_CHH_2009_000000000000000_B086_OR_4</subfield>
    <subfield code="7">0</subfield>
    <subfield code="9">9919</subfield>
    <subfield code="a">LBB</subfield>
    <subfield code="b">LBB</subfield>
    <subfield code="c">B086</subfield>
    <subfield code="d">2015-10-09</subfield>
    <subfield code="o">AVM CHH 2009 B086 Or.4</subfield>
    <subfield code="p">RUA006271</subfield>
    <subfield code="r">2015-10-09</subfield>
    <subfield code="w">2015-10-09</subfield>
    <subfield code="y">AVM</subfield>
  </datafield>
  <datafield tag="952" ind1=" " ind2=" ">
    <subfield code="0">0</subfield>
    <subfield code="1">0</subfield>
    <subfield code="2">ddc</subfield>
    <subfield code="4">0</subfield>
    <subfield code="6">AVM_CHH_2009_000000000000000_B086_OR_5</subfield>
    <subfield code="7">0</subfield>
    <subfield code="9">9920</subfield>
    <subfield code="a">LBB</subfield>
    <subfield code="b">LBB</subfield>
    <subfield code="c">B086</subfield>
    <subfield code="d">2015-10-09</subfield>
    <subfield code="o">AVM CHH 2009 B086 Or.5</subfield>
    <subfield code="p">RUA015159</subfield>
    <subfield code="r">2015-10-09</subfield>
    <subfield code="w">2015-10-09</subfield>
    <subfield code="y">AVM</subfield>
  </datafield>
  <datafield tag="952" ind1=" " ind2=" ">
    <subfield code="0">0</subfield>
    <subfield code="1">0</subfield>
    <subfield code="2">ddc</subfield>
    <subfield code="4">0</subfield>
    <subfield code="6">AVM_CHH_2009_000000000000000_B086_OR_6</subfield>
    <subfield code="7">0</subfield>
    <subfield code="9">9921</subfield>
    <subfield code="a">LBB</subfield>
    <subfield code="b">LBB</subfield>
    <subfield code="c">B086</subfield>
    <subfield code="d">2015-10-09</subfield>
    <subfield code="o">AVM CHH 2009 B086 Or.6</subfield>
    <subfield code="p">RUA015004</subfield>
    <subfield code="r">2015-10-09</subfield>
    <subfield code="w">2015-10-09</subfield>
    <subfield code="y">AVM</subfield>
  </datafield>
  <datafield tag="952" ind1=" " ind2=" ">
    <subfield code="0">0</subfield>
    <subfield code="1">0</subfield>
    <subfield code="2">ddc</subfield>
    <subfield code="4">0</subfield>
    <subfield code="6">AVM_CHH_2009_000000000000000_B086_OR_7</subfield>
    <subfield code="7">0</subfield>
    <subfield code="9">9922</subfield>
    <subfield code="a">LBB</subfield>
    <subfield code="b">LBB</subfield>
    <subfield code="c">B086</subfield>
    <subfield code="d">2015-10-09</subfield>
    <subfield code="o">AVM CHH 2009 B086 Or.7</subfield>
    <subfield code="p">RUA015141</subfield>
    <subfield code="r">2015-10-09</subfield>
    <subfield code="w">2015-10-09</subfield>
    <subfield code="y">AVM</subfield>
  </datafield>
  <datafield tag="952" ind1=" " ind2=" ">
    <subfield code="0">0</subfield>
    <subfield code="1">0</subfield>
    <subfield code="2">ddc</subfield>
    <subfield code="4">0</subfield>
    <subfield code="6">AVM_CHH_2009_000000000000000_B086_OR_8</subfield>
    <subfield code="7">0</subfield>
    <subfield code="9">9923</subfield>
    <subfield code="a">LBB</subfield>
    <subfield code="b">LBB</subfield>
    <subfield code="c">B086</subfield>
    <subfield code="d">2015-10-09</subfield>
    <subfield code="l">2</subfield>
    <subfield code="m">1</subfield>
    <subfield code="o">AVM CHH 2009 B086 Or.8</subfield>
    <subfield code="p">RUA015114</subfield>
    <subfield code="r">2021-02-22</subfield>
    <subfield code="s">2021-02-08</subfield>
    <subfield code="w">2015-10-09</subfield>
    <subfield code="y">AVM</subfield>
  </datafield>
  <datafield tag="952" ind1=" " ind2=" ">
    <subfield code="0">0</subfield>
    <subfield code="1">0</subfield>
    <subfield code="2">ddc</subfield>
    <subfield code="4">0</subfield>
    <subfield code="6">AVM_CHH_2009_000000000000000_B086_OR_9</subfield>
    <subfield code="7">0</subfield>
    <subfield code="9">9924</subfield>
    <subfield code="a">LBB</subfield>
    <subfield code="b">LBB</subfield>
    <subfield code="c">B086</subfield>
    <subfield code="d">2015-10-09</subfield>
    <subfield code="o">AVM CHH 2009 B086 Or.9</subfield>
    <subfield code="p">RUA015078</subfield>
    <subfield code="r">2015-10-09</subfield>
    <subfield code="w">2015-10-09</subfield>
    <subfield code="y">AVM</subfield>
  </datafield>
  <datafield tag="952" ind1=" " ind2=" ">
    <subfield code="0">0</subfield>
    <subfield code="1">0</subfield>
    <subfield code="2">ddc</subfield>
    <subfield code="4">0</subfield>
    <subfield code="6">AVM_CHH_2009_000000000000000_B086_OR_10</subfield>
    <subfield code="7">0</subfield>
    <subfield code="9">9925</subfield>
    <subfield code="a">LBB</subfield>
    <subfield code="b">LBB</subfield>
    <subfield code="c">B086</subfield>
    <subfield code="d">2015-10-09</subfield>
    <subfield code="l">5</subfield>
    <subfield code="o">AVM CHH 2009 B086 Or.10</subfield>
    <subfield code="p">RUA015077</subfield>
    <subfield code="r">2024-09-27</subfield>
    <subfield code="s">2024-09-06</subfield>
    <subfield code="w">2015-10-09</subfield>
    <subfield code="y">AVM</subfield>
  </datafield>
</record>
